=LDR 00000nam 2200000 4500 =001 INLIS000000000058486 =005 20210927112640 =035 ##$$a 0010-0921000290 =007 ta =008 210927###########################0#ind## =020 ##$$a 978-623-7177-19-7 =082 ##$$a 305.4 =084 ##$$a 305.4 Sin p =245 1#$$a Perempuan & Pluralisme /$c Dra. Sinta Nuriyah Abdurrahman Wahid, M.Hum =300 ##$$a 116 halaman ; $c 20 cm =650 #4$$a Perempuan =264 ##$$a Yogyakarta :$b LKis,$c 2019 =336 ##$$a teks$2 rdacontent =337 ##$$a lain-lain$2 rdamedia =338 ##$$a lain-lain$2 rdacarrier =990 ##$$a 12261226 =990 ##$$a 12261226